All U.S. National Parks Without a Map - Statistics

General Stats
  • This quiz has been taken 19 times
  • The average score is 32 of 63
Answer Stats
Answer % Correct
Yosemite
94%
Grand Canyon
88%
Yellowstone
88%
Everglades
82%
Redwood
82%
Zion
82%
Arches
76%
Death Valley
76%
Glacier
76%
Sequoia
76%
Joshua Tree
71%
Acadia
65%
Big Bend
65%
Denali
65%
Rocky Mountain
65%
Shenandoah
65%
Badlands
59%
Cuyahoga Valley
59%
Gateway Arch
59%
Great Basin
59%
Grand Teton
53%
Hawai'i Volcanoes
53%
North Cascades
53%
Olympic
53%
Bryce Canyon
47%
Channel Islands
47%
Crater Lake
47%
Dry Tortugas
47%
Gates of the Arctic
47%
Great Sand Dunes
47%
Great Smoky Mountains
47%
Hot Springs
47%
Indiana Dunes
47%
Kenai Fjords
47%
Lassen Volcanic
47%
Mammoth Cave
47%
Mount Rainier
47%
Petrified Forest
47%
Saguaro
47%
Theodore Roosevelt
47%
Black Canyon of the Gunnison
41%
Canyonlands
41%
Capitol Reef
41%
Isle Royale
41%
Katmai
41%
Pinnacles
41%
White Sands
41%
American Samoa
35%
Carlsbad Caverns
35%
Congaree
35%
Glacier Bay
35%
Guadalupe Mountains
35%
Kings Canyon
35%
Kobuk Valley
35%
Lake Clark
35%
Mesa Verde
35%
New River Gorge
35%
Virgin Islands
35%
Voyageurs
35%
Wrangell-St. Elias
35%
Biscayne
29%
Wind Cave
29%
Haleakalā
24%
No matching quizzes found
Score Distribution
Percent of People with Each Score
Percentile by Number Answered
Your Score History
You have not taken this quiz